Statistics for Korean & Japanese Cities over 1 Million Population

Click here to take the quiz!

General Stats

  • This quiz has been taken 1,405 times
    (1,082 since last reset)
  • The average score is 11 of 15

Answers on the Map

Answers color-coded by a green-red scale on the quiz's map according to % correct below.
 

Answer Stats

Pop. (K)City% Correct
37,732Tokyo-Yokohama
99%
23,016Seoul-Incheon
98%
15,126Osaka-Kobe-Kyoto
94%
3,814Busan
91%
2,326Pyongyang
90%
2,208Sapporo
81%
1,130Hiroshima
80%
9,197Nagoya
78%
2,314Daegu
67%
2,286Fukuoka
66%
1,133Sendai
57%
1,485Gwangju
47%
1,557Daejeon
46%
1,497Kitakyushu
40%
1,068Naha
39%

Score Distribution

Percentile by Number Answered

Percent of People with Each Score

Your Score History

You have not taken this quiz since the last reset